Tapez les 10 lettres les plus utilisées en français en 30 secondes - Statistiques

Statistiques générales
  • Ce quiz a été pris 150 fois
  • Le résultat moyen est 10 sur 10
Statistiques - réponses
Réponse % Correct
A
99%
E
99%
I
98%
S
98%
O
97%
T
97%
U
96%
N
95%
R
95%
L
94%
Aucun quiz correspondant
Distribution des résultats
% des personnes avec chaque résultat
Percentile par nombre de réponses
Votre historique - résultats
Vous n’avez pas pris ce quiz